|
|
|
|
| LEADER |
00000caa a2200000 c 4500 |
| 001 |
1478733896 |
| 003 |
DE-627 |
| 005 |
20220601141625.0 |
| 007 |
tu |
| 008 |
140703s1989 xx ||||| 00| ||ger c |
| 020 |
|
|
|a 3472551038
|
| 035 |
|
|
|a (DE-627)1478733896
|
| 035 |
|
|
|a (DE-576)408733896
|
| 035 |
|
|
|a (DE-599)BSZ408733896
|
| 040 |
|
|
|a DE-627
|b ger
|c DE-627
|e rakwb
|
| 041 |
|
|
|a ger
|
| 100 |
1 |
|
|a Nave-Herz, Rosemarie
|d 1935-
|0 (DE-588)119253941
|0 (DE-627)080056830
|0 (DE-576)162350562
|4 aut
|
| 109 |
|
|
|a Nave-Herz, Rosemarie 1935-
|a Herz, Rosemarie Nave- 1935-
|a Nave-Herz, R. 1935-
|a Nave Herz, Rosemarie 1935-
|
| 245 |
1 |
0 |
|a Jugend
|b Historische Gestalt, Generation
|c Rosemarie Nave-Herz
|
| 264 |
|
1 |
|c 1989
|
| 336 |
|
|
|a Text
|b txt
|2 rdacontent
|
| 337 |
|
|
|a ohne Hilfsmittel zu benutzen
|b n
|2 rdamedia
|
| 338 |
|
|
|a Band
|b nc
|2 rdacarrier
|
| 773 |
0 |
8 |
|i In
|t Handbuch der Familien- und Jugendforschung ; 2: Jugendforschung
|d Neuwied : Luchterhand, 1989
|g (1989), Seite 135-143
|h X, 883 S.
|w (DE-627)1089305605
|w (DE-576)019305605
|z 3472551038
|7 nnam
|
| 773 |
1 |
8 |
|g year:1989
|g pages:135-143
|
| 951 |
|
|
|a AR
|
| ELC |
|
|
|b 1
|
| LOK |
|
|
|0 000 xxxxxcx a22 zn 4500
|
| LOK |
|
|
|0 001 280422189X
|
| LOK |
|
|
|0 003 DE-627
|
| LOK |
|
|
|0 004 1478733896
|
| LOK |
|
|
|0 005 20260219080247
|
| LOK |
|
|
|0 008 140703||||||||||||||||ger|||||||
|
| LOK |
|
|
|0 040
|a DE-21-110
|c DE-627
|d DE-21-110
|
| LOK |
|
|
|0 689
|a s
|a Jugend
|
| LOK |
|
|
|0 689
|a s
|a Generationsbegriff
|
| LOK |
|
|
|0 852
|a DE-21-110
|
| LOK |
|
|
|0 852 1
|m p
|9 00
|
| LOK |
|
|
|0 935
|a k110
|
| LOK |
|
|
|0 938
|k p
|
| LOK |
|
|
|0 939
|a 03-07-14
|b l01
|
| ORI |
|
|
|a WA-MARC-krimdoka001.raw
|